<?xml version="1.0" encoding="UTF-8"?><?xml-stylesheet type="text/xsl" href="static/style.xsl"?><OAI-PMH xmlns="http://www.openarchives.org/OAI/2.0/" xmlns:xsi="http://www.w3.org/2001/XMLSchema-instance" xsi:schemaLocation="http://www.openarchives.org/OAI/2.0/ http://www.openarchives.org/OAI/2.0/OAI-PMH.xsd"><responseDate>2026-04-18T07:26:36Z</responseDate><request verb="GetRecord" identifier="oai:www.recercat.cat:20.500.12327/3035" metadataPrefix="marc">https://recercat.cat/oai/request</request><GetRecord><record><header><identifier>oai:recercat.cat:20.500.12327/3035</identifier><datestamp>2025-10-22T11:07:39Z</datestamp><setSpec>com_2072_4428</setSpec><setSpec>com_2072_4427</setSpec><setSpec>col_2072_487898</setSpec></header><metadata><record xmlns="http://www.loc.gov/MARC21/slim" xmlns:dcterms="http://purl.org/dc/terms/" xmlns:xsi="http://www.w3.org/2001/XMLSchema-instance" xmlns:doc="http://www.lyncode.com/xoai" xsi:schemaLocation="http://www.loc.gov/MARC21/slim http://www.loc.gov/standards/marcxml/schema/MARC21slim.xsd">
   <leader>00925njm 22002777a 4500</leader>
   <datafield ind2=" " ind1=" " tag="042">
      <subfield code="a">dc</subfield>
   </datafield>
   <datafield ind2=" " ind1=" " tag="720">
      <subfield code="a">Mishra, Puneet</subfield>
      <subfield code="e">author</subfield>
   </datafield>
   <datafield ind2=" " ind1=" " tag="720">
      <subfield code="a">Albano-Gaglio, Michela</subfield>
      <subfield code="e">author</subfield>
   </datafield>
   <datafield ind2=" " ind1=" " tag="720">
      <subfield code="a">Font-i-Furnols, Maria</subfield>
      <subfield code="e">author</subfield>
   </datafield>
   <datafield ind2=" " ind1=" " tag="260">
      <subfield code="c">2024-04-18</subfield>
   </datafield>
   <datafield ind2=" " ind1=" " tag="520">
      <subfield code="a">This study demonstrates a new approach to process hyperspectral images&#xd;
where both the contextual spatial information as well as the spectral&#xd;
information are used to predict sample properties. The deep contextual spatial&#xd;
information is extracted using the deep feature extraction from pretrained&#xd;
resnet-18 deep learning architecture, while the spectral information was&#xd;
readily available as the average pixel values. To fuse the information in a&#xd;
complementary way, a multiblock modeling approach called sequential&#xd;
orthogonalized partial least squares was used. The sequential model guarantees&#xd;
that the information learned is complementary from spatial and spectral&#xd;
domains. The potential of the approach is demonstrated to predict several&#xd;
physical and chemical properties in pork bellies.</subfield>
   </datafield>
   <datafield ind1="8" ind2=" " tag="024">
      <subfield code="a">Mishra, Puneet, Michela Albano‐Gaglio, and Maria Font‐i‐Furnols. 2024. “A short note on deep contextual spatial and spectral information fusion for hyperspectral image processing: Case of pork belly properties prediction”. Journal of Chemometrics, April. doi:10.1002/cem.3552.</subfield>
   </datafield>
   <datafield ind1="8" ind2=" " tag="024">
      <subfield code="a">0886-9383</subfield>
   </datafield>
   <datafield ind1="8" ind2=" " tag="024">
      <subfield code="a">http://hdl.handle.net/20.500.12327/3035</subfield>
   </datafield>
   <datafield ind1="8" ind2=" " tag="024">
      <subfield code="a">https://doi.org/10.1002/cem.3552</subfield>
   </datafield>
   <datafield ind2="0" ind1="0" tag="245">
      <subfield code="a">A short note on deep contextual spatial and spectral information fusion for hyperspectral image processing: Case of pork belly properties prediction</subfield>
   </datafield>
</record></metadata></record></GetRecord></OAI-PMH>